000 00538nam a22002177a 4500
003 OSt
005 20260423150316.0
008 260423b |||||||| |||| 00| 0 eng d
020 _a8171305229
040 _cSBCL
082 _a894.8123
_bMAD-O
100 _aMadhavikkutty
245 _aOttayadippatha
250 _a25th ed.
260 _aKottayam
_bDC Books
_c2026
300 _a216p.
630 _xLiterature
650 _aLiteratures of other languages
650 _aAltaic, Uralic, Hyperborean & Dravidian
942 _cBOOK
999 _c138035
_d138035